A stitch in time , lean retailing and the transformation of manufacturing-lessons from the apparel and textile industries (Record no. 575897)

000 -LEADER
fixed length control field 00560nam a22001697a 4500
003 - CONTROL NUMBER IDENTIFIER
control field CEME
005 - DATE AND TIME OF LATEST TRANSACTION
control field 20210628204024.0
008 - FIXED-LENGTH DATA ELEMENTS--GENERAL INFORMATION
fixed length control field 210114b xxu||||| |||| 00| 0 eng d
020 ## - INTERNATIONAL STANDARD BOOK NUMBER
International Standard Book Number 0195126157
040 ## - CATALOGING SOURCE
Transcribing agency ceme
082 ## - DEWEY DECIMAL CLASSIFICATION NUMBER
Classification number 687.0688 ABE
100 ## - MAIN ENTRY--PERSONAL NAME
Personal name Abernathy, Frederick H , Dunlop, John T , Hammond, Janice H
9 (RLIN) 68292
245 ## - TITLE STATEMENT
Title A stitch in time , lean retailing and the transformation of manufacturing-lessons from the apparel and textile industries
260 ## - PUBLICATION, DISTRIBUTION, ETC.
Place of publication, distribution, etc. NEW YORK
Name of publisher, distributor, etc. OXFORD UNIVERSITY PRESS
Date of publication, distribution, etc. 1999
300 ## - PHYSICAL DESCRIPTION
Extent XII, 368P
942 ## - ADDED ENTRY ELEMENTS (KOHA)
Koha item type Book
Source of classification or shelving scheme
Holdings
Withdrawn status Lost status Damaged status Not for loan Permanent Location Current Location Shelving location Date acquired Total Checkouts Full call number Barcode Date last seen Price effective from Koha item type
        College of Electrical & Mechanical Engineering (CEME) College of Electrical & Mechanical Engineering (CEME)   08/02/2017   687.0688 ABE CEME-46962 06/28/2021 06/28/2021 Book
© 2023 Central Library, National University of Sciences and Technology. All Rights Reserved.